000 00404nam a2200181Ia 4500
001 17675
005 20260306171534.0
008 260306s9999||||xx |||||||||||||| ||und||
041 _aESP
082 _a658.15
_bB137F
100 _aBesley, Scott
_eAUT
245 0 _aFINC
260 _c2016
300 _aviii, 344 páginas :
_c27 cm.
650 _aGEN
654 _aCAN
942 _cLIB
_dJUS
_fJUS
_2ddc
_n
999 _c17675
_d17675